Fundamentos de Matemática de Tercer año Básico

Bibliographic Details
Main Author: Escobar Morales, Ramón Sebastián
Format: Section = Libro
Language:Undetermined
Spanish
Published: Nicaragua Impresiones y Troqueles S.A. 1995
Subjects:
LEADER 00478nam a2200169Ia 4500
008 240830s9999 xx 000 0 und d
040 |a B-ESTELÍ- RUACS / 510 E74 
041 |a spa 
082 |a 510 E74 
100 1 |a Escobar Morales, Ramón Sebastián 
245 1 0 |a Fundamentos de Matemática de Tercer año Básico 
260 |a Nicaragua  |b Impresiones y Troqueles S.A.  |c 1995 
300 |a 376 p:il 
650 7 |a MATEMATICA BASICA 
942 |c BK  |2 ddc 
991 |a TEXTO 
999 |c 10886